000 00675nam a2200241Ia 4500
003 OSt
005 20220918200631.0
006 a|||||r|||| 00| 0
007 ta
008 220917b |||||||| |||| 00| 0 eng d
024 _a89,662
037 _cTextual
040 _aARTS
_cARTS
_beng
041 _2eng
_aeng
082 _aU294, J21-;1
100 _aWhite Clayton S ed
_994973
245 0 _aPhysics and medicine of the upper atmosphere
_b a study of the aeropause
260 _c1952
650 _aGEOGRAPHY
700 _a Benson Otis O ed
_994974
942 _hU294, J21-;1
_cTEXL
_2CC
999 _c213331
_d213331